| 000 | 01349cam a22003371i 4500 | ||
|---|---|---|---|
| 003 | SA-RiAUC | ||
| 005 | 20250603121300.0 | ||
| 008 | 250603s1993 ua fko g b 00010 ara c | ||
| 020 |
_a977270059X _c5$ |
||
| 040 |
_aSA-AhKFU _bara _cSA-RiAUC _dEG-CaALM _erda |
||
| 043 | _af-ua--- | ||
| 050 | 4 | _b.M86 1993 | |
| 082 | 0 | 4 |
_a720.962 _qSA-RiAUC |
| 090 |
_a720.962 _b م ح م |
||
| 100 | 1 |
_aمحمد، رفعت موسى _eمؤلف. |
|
| 245 | 1 | 2 |
_aالوكالات والبيوت الإسلامية في مصر العثمانية / _cرفعت موسى محمد. |
| 250 | _aالطبعة الأولى. | ||
| 264 | 1 |
_aالقاهرة : _bالدار المصرية اللبنانية، _c1993 |
|
| 300 |
_a423 صفحة : _bأشكال، صور، لوحات ؛ _c24 سم |
||
| 336 |
_aنص _btxt _2rdacontent _3كتاب |
||
| 337 |
_aبدون وسيط _bn _2rdamedia |
||
| 338 |
_aمجلد _bnc _2rdacarrier |
||
| 504 | _aببليوجرافية : صفحة 355-388. | ||
| 650 | 7 |
_aالعمارة الإسلامية _zمصر _xتاريخ _yالحكم العثماني، 1517-1882 _2aucsh |
|
| 651 | 7 |
_aمصر _xتاريخ _yالحكم العثماني، 1517-1882 _2aucsh |
|
| 856 | 4 | _uhttps://www.aruc.org/ar/digital-content/33281 | |
| 897 | _ayes | ||
| 942 |
_2ddc _cBOOK _n0 |
||
| 949 |
_aSA-JeALM _d250603 _umohamedma123 _n1 |
||
| 999 |
_c8704 _d8704 |
||